<?xml version="1.0" encoding="UTF-8"?>
<marc:record xmlns:marc="http://www.loc.gov/MARC21/slim">
   <marc:leader>00000nam a2200000 a 4500</marc:leader>
   <marc:datafield ind1="1" ind2=" " tag="100">
      <marc:subfield code="a">Atkins, Dani</marc:subfield>
      <marc:subfield code="4">aut</marc:subfield>
      <marc:subfield code="e">Verfasser/-in</marc:subfield>
   </marc:datafield>
   <marc:datafield ind1="0" ind2="0" tag="245">
      <marc:subfield code="a">Versprich mir, dass du tanzt</marc:subfield>
   </marc:datafield>
   <marc:datafield ind1="0" ind2="0" tag="245">
      <marc:subfield code="b">Roman</marc:subfield>
   </marc:datafield>
   <marc:datafield ind1=" " ind2="1" tag="264">
      <marc:subfield code="a">München</marc:subfield>
      <marc:subfield code="b">Knaur Verl.</marc:subfield>
      <marc:subfield code="c">2025</marc:subfield>
   </marc:datafield>
   <marc:datafield ind1="1" ind2=" " tag="520">
      <marc:subfield code="a">Ein Jahr ist vergangen, seit Lily sich von ihrem geliebten Adam verabschieden musste. Um an diesem schweren Tag nicht alleinzu sein, flüchtet sie sich an den sichersten Ort, den sie kennt: zu ihren Eltern. Als Adams Hund in den Garten nebenan ausbuxt, steht Lily plötzlich vor einem alten gefällten Ahornbaum. In diesem Baum hat sie schon als Kind gesessen - auch an dem Tag, an dem sie Josh kennengelernt hat, den Pflegesohn der Nachbarsfamilie. Lily betrachtet ihre Namen, die Josh in die Rinde geritzt hat, und erinnert sich: an den furchtbaren Streit mit ihm am Abend vor ihrer Hochzeit mit Adam: an die letzten Tage mit ihrem krebskranken Mann, Tage voller Liebe und wärmender Erinnerungen. Und sie denkt an Adams letzten Wunsch: dass sie Josh suchen soll, um sich mit ihm auszusprechen - und um Adam und ihm zu vergeben...</marc:subfield>
   </marc:datafield>
   <marc:datafield ind1=" " ind2=" " tag="020">
      <marc:subfield code="a">9783426561041</marc:subfield>
      <marc:subfield code="9">9783426561041</marc:subfield>
   </marc:datafield>
   <marc:datafield ind1=" " ind2=" " tag="300">
      <marc:subfield code="a">430 S.</marc:subfield>
   </marc:datafield>
</marc:record>
